000 00606nam a2200265Ia 4500
001 120921
003 YMCAF
005 20230512163845.0
008 211208s2021 ||||||||||||||||| ||und|d
020 _a9788172242190
024 _a120921
035 _a52308
040 _aYMCAF
_beng
_cIN-KoLT
041 _aeng
082 _a823.3
_bRAT
100 _aRatan, Jai
245 0 _aPremchand Godan: A novel of peasant India
250 _a36th impression
260 _aMumbai
_bJaico
_c2021
300 _a339p.
653 _aENGLISH BOOK
653 _aGENERAL
653 _aNovel
942 _2ddc
_cBK
999 _c17480
_d17480